ifeye all songs (until April 2026) - Statistics

General Stats
  • This quiz has been taken 4 times
  • The average score is 6 of 14
Answer Stats
Hint Answer % Correct
sweet tang r u ok?
100%
As if Hazy (Daisy)
75%
ERLU BLUE NERDY
75%
ERLU BLUE IRL
50%
sweet tang loverboy
50%
As if Padam Padam
50%
As if Touch
50%
ERLU BLUE BUBBLE UP
25%
sweet tang echo
25%
As if Forever Us
25%
sweet tang friend like me
25%
As if I’ll Be There
25%
sweet tang round and round
25%
sweet tang say moo!
25%
No matching quizzes found
Score Distribution
Percent of People with Each Score
Percentile by Number Answered
Your Score History
You have not taken this quiz